000 00387nam a2200157Ia 4500
008 230711s9999||||xx |||||||||||||| ||und||
041 _aENG
082 _a720
_bWI-A
100 _aTibor Hubay
245 0 _aAustralian interior design manual
250 _a1st Ed.
260 _c1989
_aNorth Sydney
_bSusan Haynes / Allen & Unwin
300 _a290
650 _aArchitecture
942 _cBK
999 _c1808
_d1808